| 000 | 00471nam a2200181Ia 4500 | ||
|---|---|---|---|
| 008 | 230711s9999||||xx |||||||||||||| ||und|| | ||
| 020 | _a978-81-219-2874-8 | ||
| 041 | _aENG | ||
| 082 |
_a670.285 _bSA-C |
||
| 100 | _aSareen,kuldeep kumar | ||
| 245 | 0 | _aCAD/CAM theory and circuits | |
| 250 | _a1st Ed. | ||
| 260 |
_c2013 _aNew Delhi _bS.Chand & Company Ltd |
||
| 300 | _a453p. | ||
| 650 | _aMechanical Engineering | ||
| 700 | _aGrewal,Chandandeep Signh | ||
| 942 | _cBK | ||
| 999 |
_c5902 _d5902 |
||